000
00333nam a22001457a 4500
008
210223b ||||| |||| 00| 0 eng d
020
_a
0815140878
041
_a
eng
080
_a
617
082
_a
617
100
_a
5
101
_a
KIR
245
_a
Advances in Plastic and Reconstructive Surgery
_c
Habal, M. B
942
_2
udc
_c
BK
999
_c
55115
_d
55115